Governance of Public Research: Toward Better Practices (Record no. 18214)

000 -LEADER
fixed length control field 00432nam a2200145Ia 4500
020 ## - INTERNATIONAL STANDARD BOOK NUMBER
ISBN 92-64-10374-0
084 ## - OTHER CLASSIFICATION OF CALL NUMBER
Call Number (Nomor Katalog) 1128-0021 PAS Gov Bo
100 ## - MAIN ENTRY--AUTHOR NAME
Personal name (Pengarang) Andre Pascal
245 #0 - TITLE STATEMENT
Sub Title (Anak Judul) Governance of Public Research: Toward Better Practices
260 ## - PUBLICATION, DISTRIBUTION, ETC. (IMPRINT)
Place of publication (Tempat Terbit/Kota) Paris
Name of publisher (Nama Penerbit) OECD
Year of publication (Tahun Terbit) 2003
300 ## - PHYSICAL DESCRIPTION
Number of Pages (Jumlah Halaman) i-1 + 160 hlm
650 ## - SUBJECT ADDED ENTRY--TOPICAL TERM
Topical Term (Topik 1) Government (Pemerintahan)
Relator term (Topik 2) G-O-V
Chronological subdivision (Topik 5) Toward Better Practices
942 ## - ADDED ENTRY ELEMENTS (KOHA)
Koha item type Books (Buku)
Holdings
Withdrawn status Lost status Damaged status Not for loan Permanent Location (Lokasi Permanen) Current Location (Lokasi Sekarang) Shelving location (Lokasi Rak) Date acquired Cost, normal purchase price (Harga Buku) Full call number (Nomor Katalog) Barcode Price effective from Koha item type (Jenis Koleksi)
        MAP Library MAP Library Bookshelf 03/26/2022 8.00 1128-0021 PAS Gov Bo 11280021 03/26/2022 Books (Buku)